Coaching excellence : best practices in business coaching
| Main Author: | |
|---|---|
| Other Authors: | |
| Format: | Book |
| Published: |
London :
LID Publishing Ltd. ,
2011
|
| Subjects: |
MARC
| LEADER | 00000cam a2200000 7i4500 | ||
|---|---|---|---|
| 001 | 0000193907 | ||
| 005 | 20151028.0 | ||
| 020 | |a 9781907794155 | ||
| 090 | 0 | 0 | |a 658.3124 |b CAN |
| 100 | 1 | |a Cannio, Sylviane | |
| 245 | 1 | 0 | |a Coaching excellence : |b best practices in business coaching |c Sylviane and Viviane Launer |
| 260 | |a London : |b LID Publishing Ltd. , |c 2011 | ||
| 300 | |a 231p. ; |c 24cm. | ||
| 650 | 0 | |a Employees |x Coaching of | |
| 650 | 0 | |a Employees |x Coaching of |v Case studies | |
| 700 | 1 | |a Launer, Viviane | |
| 999 | |a 00313232 |b BUKU |c PINJAMAN |e PERPUSTAKAAN KOMUNITI PETALING JAYA | ||